Kul Klam / (Record no. 526494)

000 -LEADER
fixed length control field 00416nam a22001697a 4500
003 - CONTROL NUMBER IDENTIFIER
control field NUST
038 ## - RECORD CONTENT LICENSOR
Staff Name waseem
082 ## - DEWEY DECIMAL CLASSIFICATION NUMBER
Classification number 891.421
Author Mark NIA
100 ## - MAIN ENTRY--PERSONAL NAME
Personal name Niazi, Muneer
9 (RLIN) 15694
245 ## - TITLE STATEMENT
Title Kul Klam /
Statement of responsibility, etc. Muneer Niazi
260 ## - PUBLICATION, DISTRIBUTION, ETC.
Place of publication, distribution, etc. Lahore :
Name of publisher, distributor, etc. ANA Printers,
Date of publication, distribution, etc. 2002.
300 ## - PHYSICAL DESCRIPTION
Extent 208 p. ;
500 ## - GENERAL NOTE
General note Hardcover.
880 ## - ALTERNATE GRAPHIC REPRESENTATION
Linkage 100-01\r
Title منیر نیازی
880 ## - ALTERNATE GRAPHIC REPRESENTATION
Linkage 245-02\r
Title کل کلام /
942 ## - ADDED ENTRY ELEMENTS (KOHA)
Source of classification or shelving scheme
Koha item type Book
Holdings
Withdrawn status Lost status Source of classification or shelving scheme Damaged status Not for loan Permanent Location Current Location Shelving location Date acquired Total Checkouts Total Renewals Full call number Barcode Date last seen Date last checked out Price effective from Koha item type
          Central Library (CL) Central Library (CL) Punjabi Literature 07/12/2019 2 3 891.421 NIA CL-E-1348 10/01/2024 04/17/2024 07/12/2019 Book
© 2023 Central Library, National University of Sciences and Technology. All Rights Reserved.